Egg Dishes by Images - Statistics

General Stats
  • This quiz has been taken 39 times
  • The average score is 5 of 16
Answer Stats
Picture Answer % Correct
Omelette
92%
Eggs Benedict
69%
Scotch Eggs
58%
Eggnog
50%
Egg drop soup
47%
Shakshuka
42%
Tamagoyaki
31%
Pavlova
25%
Huevos rancheros
19%
Loco Moco
14%
Egg curry
8%
Tortilla de Patatas
6%
Cilbir
0%
Eggah
0%
Khai Jiao
0%
Migas
0%
No matching quizzes found
Score Distribution
Percent of People with Each Score
Percentile by Number Answered
Your Score History
You have not taken this quiz